000 00446nam a2200157Ia 4500
005 20250508155621.0
008 008 250505s9999 xx 000 0 eng d
037 _aBooks to be hide in OPAC
040 _aFEDL
_beng
_cFEDL
041 _aeng
_2eng
084 _a001, BRI
_qFEDL
245 0 _aFacilities for technical education in India
245 0 _cIndia. Bureau of Education
942 _cHB
_h001, BRI
999 _c1358245
_d1358245